000 00704nam a2200277Ia 4500
003 OSt
005 20220209144257.0
008 210210b2011 xxu||||| |||| 00| 0 eng d
020 _a9788127251604
040 _c
041 _aeng
082 _a657.046 JAIA
100 _aJAIN (S P)
_918611
245 _aAdvanced accountancy: corporate accounting Vol. II
260 _aLudhiana
_bKalyani Publishers
_c2011
300 _a1294
650 _aV
_918612
650 _aII:corporate
_918613
650 _aAdvanced
_918614
650 _aaccounting
_918615
650 _aaccountancy
_918616
690 _aAccountancy
_918617
700 _aNARANG (K L)
_918618
906 _a066583
942 _2ddc
_cBK
999 _c148128
_d148128